List of Bank Loan Defaulters (Record no. 225727)

MARC details
000 -LEADER
fixed length control field 00599nam a22002057a 4500
005 - DATE AND TIME OF LATEST TRANSACTION
control field 20221214143511.0
008 - FIXED-LENGTH DATA ELEMENTS--GENERAL INFORMATION
fixed length control field 221214b ||||| |||| 00| 0 eng d
040 ## - CATALOGING SOURCE
Transcribing agency AL
041 ## - LANGUAGE CODE
Language code of text/sound track or separate title English
082 ## - DEWEY DECIMAL CLASSIFICATION NUMBER
Edition number 23
Classification number 332.12
Item number ALLL
100 ## - MAIN ENTRY--PERSONAL NAME
Personal name AIBEA
100 ## - MAIN ENTRY--PERSONAL NAME
9 (RLIN) 65961
245 ## - TITLE STATEMENT
Title List of Bank Loan Defaulters
260 ## - PUBLICATION, DISTRIBUTION, ETC.
Place of publication, distribution, etc. Calcutta
Name of publisher, distributor, etc. All India Employees Association
Date of publication, distribution, etc. 2001
300 ## - PHYSICAL DESCRIPTION
Extent 1097 p.
Other physical details PB
Dimensions 29x19 cm.
650 ## - SUBJECT ADDED ENTRY--TOPICAL TERM
Topical term or geographic name entry element In public Sector
9 (RLIN) 65962
650 ## - SUBJECT ADDED ENTRY--TOPICAL TERM
Topical term or geographic name entry element Foreign Banks
9 (RLIN) 65963
650 ## - SUBJECT ADDED ENTRY--TOPICAL TERM
Topical term or geographic name entry element Financial Institutions
9 (RLIN) 65964
700 ## - ADDED ENTRY--PERSONAL NAME
Personal name ALL INDIA BANK EMPLOYEES ASSOCIATION
9 (RLIN) 65965
942 ## - ADDED ENTRY ELEMENTS (KOHA)
Source of classification or shelving scheme Dewey Decimal Classification
Koha item type George Fernandes Collections
Holdings
Withdrawn status Lost status Source of classification or shelving scheme Damaged status Not for loan Collection code Home library Current library Date acquired Total Checkouts Full call number Barcode Date last seen Price effective from Koha item type
    Dewey Decimal Classification     Commerce St Aloysius Library St Aloysius Library 03/23/2013   332.12 ALLL GF01590 12/14/2022 12/14/2022 George Fernandes Collections